000 00391nam a2200121Ia 4500
008 220217s9999 xx 000 0 und d
245 0 _aRaw styrene-butadiene rubber (SBR)- Determination of organic acid content
260 _aSwitzerland
260 _c1975
_bInternational Organisation for Standards
500 _aStandard number: ISO 2002
650 _aStyrene butadiene rubber
942 _cST
999 _c74063
_d74063